Sổ tay người làm vườn
Sách cung cấp một số kiến thức và những kỹ thuật cụ thể để trồng và chăm sóc một số cây ăn quả, rau màu mang lại hiệu quả kinh tế cao.
Na minha lista:
| Autor principal: | |
|---|---|
| Formato: | Livro |
| Idioma: | Undetermined |
| Publicado em: |
Hà Nội
Nông Nghiệp
2000
|
| Assuntos: | |
| Tags: |
Adicionar Tag
Sem tags, seja o primeiro a adicionar uma tag!
|
| Thư viện lưu trữ: | Trung tâm Học liệu Trường Đại học Cần Thơ |
|---|
| LEADER | 00778nam a2200205Ia 4500 | ||
|---|---|---|---|
| 001 | CTU_37806 | ||
| 008 | 210402s9999 xx 000 0 und d | ||
| 020 | |b 16.000đ | ||
| 082 | |a 634 | ||
| 082 | |b T506/2000 | ||
| 100 | |a Trần Thế Tục | ||
| 245 | 0 | |a Sổ tay người làm vườn | |
| 245 | 0 | |c Trần Thế Tục | |
| 260 | |a Hà Nội | ||
| 260 | |b Nông Nghiệp | ||
| 260 | |c 2000 | ||
| 520 | |a Sách cung cấp một số kiến thức và những kỹ thuật cụ thể để trồng và chăm sóc một số cây ăn quả, rau màu mang lại hiệu quả kinh tế cao. | ||
| 650 | |a fruit trees,fruit-culture | ||
| 904 | |i Minh, 000928 | ||
| 980 | |a Trung tâm Học liệu Trường Đại học Cần Thơ | ||